Fiona Apple - Statistics

General Stats
  • This quiz has been taken 63 times
  • The average score is 36 of 56
Answer Stats
Album Fiona Apple % Correct
Tidal Criminal
91%
When the pawn Paper Bag
89%
Extraordinary Machine Extraordinary Machine
85%
Tidal The First Taste
85%
Fetch The Bolt Cutters I Want You To Love Me
83%
Fetch The Bolt Cutters Fetch The Bolt Cutters
81%
When the pawn I Know
81%
Fetch The Bolt Cutters Shameika
79%
Tidal Shadowboxer
77%
Tidal Sullen Girl
77%
The Idler Wheel Valentine
77%
When the pawn Fast As You Can
74%
Tidal Pale September
74%
Tidal Sleep to dream
74%
Tidal Carrion
72%
When the pawn Love Ridden
72%
Extraordinary Machine Please Please Please
72%
When the pawn A Mistake
70%
When the pawn Get Gone
70%
Tidal Slow Like Honey
70%
Fetch The Bolt Cutters Under The Table
70%
Fetch The Bolt Cutters Cosmonauts
68%
Fetch The Bolt Cutters For Her
68%
When the pawn Limp
68%
When the pawn On the bound
68%
Extraordinary Machine Red Red Red
68%
The Idler Wheel Jonathan
66%
Fetch The Bolt Cutters Newspaper
66%
Extraordinary Machine Oh Well
66%
The Idler Wheel Every Single Night
64%
The Idler Wheel Hot Knife
64%
Tidal Never Is A Promise
64%
Tidal The Child Is Gone
64%
When the pawn The Way Things Are
64%
The Idler Wheel Werewolf
64%
Fetch The Bolt Cutters Ladies
62%
Extraordinary Machine O'Sailor
62%
Extraordinary Machine Not About Love
57%
Fetch The Bolt Cutters Relay
55%
Extraordinary Machine Window
55%
When the pawn To Your Love
53%
The Idler Wheel Daredevil
51%
Fetch The Bolt Cutters Drumset
51%
Fetch The Bolt Cutters Heavy Balloon
51%
Extraordinary Machine Parting Gift
51%
The Idler Wheel Regret
49%
Extraordinary Machine Waltz (Better Than Fine)
49%
Extraordinary Machine Get Him Back
47%
The Idler Wheel Left Alone
47%
Fetch The Bolt Cutters On I Go
47%
The Idler Wheel Largo
45%
The Idler Wheel Anything We Want
43%
Extraordinary Machine Better Version Of Me
43%
Fetch The Bolt Cutters Rack of His
40%
The Idler Wheel Periphery
38%
Extraordinary Machine Tymps (Sick in the Head Song)
32%
No matching quizzes found
Score Distribution
Percent of People with Each Score
Percentile by Number Answered
Your Score History
You have not taken this quiz